Statistics for 2018 NFL draft 2nd round

Click here to take the quiz!

General Stats

  • This quiz has been taken 8 times
  • The average score is 9 of 32

Answer Stats

pickplayer% Correct
3Nick Chubb
67%
5Braden Smith
50%
22Donte Jackson
50%
13Josh Jackson
50%
11Kerryon Johnson
50%
1Austin Corbett
33%
14Breeland Speaks
33%
31Carlton Davis
33%
18Connor Williams
33%
4Darius Leonard
33%
6Ronald Jones II
33%
32Tyquan Lewis
33%
2Will Hernandez
33%
19Anthony Miller
17%
30Brian O'Neill
17%
15Christian Kirk
17%
8Courtland Sutton
17%
17Dallas Goedert
17%
12Dante Pettis
17%
27Derrius Guice
17%
29D. J. Chark
17%
23Duke Dawson
17%
9Harold Landry
17%
25Isaiah Oliver
17%
26Isaiah Oliver
17%
7James Daniels
17%
28James Washington
17%
20Kemoko Turay
17%
10Mike Gesicki
17%
21M. J. Stewart
17%
24P. J. Hall
17%
16Uchenna Nwosu
17%

Score Distribution

Percentile by Number Answered

Percent of People with Each Score

Your Score History

You have not taken this quiz